The effects of multimedia glosses on efl learners' reading comprehension and vocabulary retention : Luận văn thạc sĩ khoa học giáo dục chuyên ngành lí luận và phương pháp dạy học Tiếng Anh
điều tra tác động của những chú thích đa phương tiện, cụ thể là chú thích bằng ngôn ngữ, chú thích bằng hình ảnh và chú thích bằng hình ảnh có kèm theo giải thích bằng văn bản.
保存先:
| 第一著者: | |
|---|---|
| フォーマット: | 図書 |
| 言語: | Undetermined |
| 出版事項: |
Cần Thơ
Trường Đại học Cần Thơ
2011
|
| 主題: | |
| タグ: |
タグ追加
タグなし, このレコードへの初めてのタグを付けませんか!
|
| Thư viện lưu trữ: | Trung tâm Học liệu Trường Đại học Cần Thơ |
|---|
| LEADER | 01168nam a2200229Ia 4500 | ||
|---|---|---|---|
| 001 | CTU_171573 | ||
| 008 | 210402s9999 xx 000 0 und d | ||
| 082 | |a 428.0071 | ||
| 082 | |b H561 | ||
| 088 | |a 60140111 | ||
| 100 | |a La, Ngọc Hương | ||
| 245 | 4 | |a The effects of multimedia glosses on efl learners' reading comprehension and vocabulary retention : | |
| 245 | 0 | |b Luận văn thạc sĩ khoa học giáo dục chuyên ngành lí luận và phương pháp dạy học Tiếng Anh | |
| 245 | 0 | |c La Ngọc Hương ; Thái Công Dân (Hướng dẫn khoa học) | |
| 260 | |a Cần Thơ | ||
| 260 | |b Trường Đại học Cần Thơ | ||
| 260 | |c 2011 | ||
| 520 | |a điều tra tác động của những chú thích đa phương tiện, cụ thể là chú thích bằng ngôn ngữ, chú thích bằng hình ảnh và chú thích bằng hình ảnh có kèm theo giải thích bằng văn bản. | ||
| 650 | |a English language,Tiếng Anh | ||
| 650 | |x Study and teaching,Dạy và học | ||
| 904 | |i Mai, Hải | ||
| 980 | |a Trung tâm Học liệu Trường Đại học Cần Thơ | ||